Basic statistics (Record no. 5850)

MARC details
000 -LEADER
fixed length control field 00511cam a2200193ua 4500
008 - FIXED-LENGTH DATA ELEMENTS--GENERAL INFORMATION
fixed length control field 140308n ii |||gr||||Z||||||eng
020 ## - INTERNATIONAL STANDARD BOOK NUMBER
International Standard Book Number 978-81-224-2472-0
040 ## - CATALOGING SOURCE
Transcribing agency MAIN
082 ## - DEWEY DECIMAL CLASSIFICATION NUMBER
Classification number 519.5
245 ## - TITLE STATEMENT
Title Basic statistics
Statement of responsibility, etc. By B.L. Agarwal
250 ## - EDITION STATEMENT
Edition statement 5th ed.
260 ## - PUBLICATION, DISTRIBUTION, ETC.
Place of publication, distribution, etc. New delhi:
Name of publisher, distributor, etc. New age International publishers,
Date of publication, distribution, etc. 2009.
300 ## - PHYSICAL DESCRIPTION
Extent xxiv,806p.
700 ## - ADDED ENTRY--PERSONAL NAME
Personal name Agarwal,B.L.,
Relator term
942 ## - ADDED ENTRY ELEMENTS (KOHA)
Koha item type Books
653 ## - INDEX TERM--UNCONTROLLED
Uncontrolled term Probabilities & applied mathematics
653 ## - INDEX TERM--UNCONTROLLED
Uncontrolled term Basic statistics
Holdings
Withdrawn status Lost status Damaged status Not for loan Home library Current library Shelving location Date acquired Total Checkouts Full call number Barcode Date last seen Date last checked out Copy number Price effective from Koha item type
        Naharkatiya College Library Naharkatiya College Library General Stacks 19/09/2020 3 519.5 | AGA 21078 13/12/2023 30/11/2023 1 19/09/2020 Books

Naharkatiya College © 2020. All rights reserved.

Powered By